Prague.
| Main Author: | |
|---|---|
| Format: | Book |
| Published: |
Victoria:
Lonely Planet,
1999.
|
| Edition: | 3rd ed. |
| Subjects: |
| LEADER | 00487cam a2200169 7i4500 | ||
|---|---|---|---|
| 001 | 0000007698 | ||
| 005 | 20000606090000.0 | ||
| 020 | 0 | 0 | |a 0864426240 |
| 090 | 0 | 0 | |a CZEC 910.202943712 |b KIN |
| 100 | 1 | 0 | |a King |
| 245 | 1 | 0 | |a Prague. |
| 250 | 0 | 0 | |a 3rd ed. |
| 260 | 0 | 0 | |a Victoria: |b Lonely Planet, |c 1999. |
| 300 | # | # | |a 240 p. |
| 650 | 0 | 0 | |a Voyages and travels -- |x Guidebooks -- |z Czech Republic (Prague) |
| 651 | 0 | 0 | |a Czech Republic (Prague) |
| 999 | |a B000010869 |b Book |c Countries |e Business Information Centre | ||


